Teoría de circuitos: ejercicios de autoevaluación (Registro nro. 2123)
[ vista simple ]
| 000 -Cabecera | |
|---|---|
| Campo de control de longitud fija | 00825aam a2200289 4500 |
| 005 - Fecha y hora de la última transacción | |
| Campo de control | 20230830113229.0 |
| 008 - Elementos de longitud fija--Información general | |
| Campo de control de longitud fija | 150310b2005 xxu||||| |||| 00| 0 spa d |
| 041 ## - Idioma | |
| Código de idioma | Español |
| 082 ## - Clasificación Decimal Dewey | |
| Número de clasificación | 621.381.5 G633t |
| 100 ## - Entrada principal--Autor personal | |
| Nombre personal | Gómez Expósito, Antonio |
| 9 (RLIN) | 18372 |
| 100 ## - Entrada principal--Autor personal | |
| Nombre personal | Martínez Ramos, José L. |
| 9 (RLIN) | 18373 |
| 100 ## - Entrada principal--Autor personal | |
| Nombre personal | Rosendo Macías, José A. |
| 9 (RLIN) | 18374 |
| 100 ## - Entrada principal--Autor personal | |
| Nombre personal | Romero Ramos, Esther |
| 9 (RLIN) | 18375 |
| 100 ## - Entrada principal--Autor personal | |
| Nombre personal | Riquelme Santos, Jesús M. |
| 9 (RLIN) | 18376 |
| 245 ## - Título propiamente dicho | |
| Título | Teoría de circuitos: ejercicios de autoevaluación |
| 260 ## - Pie de imprenta | |
| Lugar de publicación, distribución, etc. | España |
| 260 ## - Pie de imprenta | |
| Nombre del editor, distribuidor, etc. | Paraninfo |
| 260 ## - Pie de imprenta | |
| Fecha de publicación, distribución, etc. | 2005 |
| 300 ## - Descripción física | |
| Extensión | 289 páginas |
| 650 ## - Materia general | |
| Temática (materia general) | ELECTRÓNICA |
| 650 ## - Materia general | |
| Temática (materia general) | CIRCUITOS |
| 650 ## - Materia general | |
| Temática (materia general) | TEORÍA DE CIRCUITOS |
| 650 ## - Materia general | |
| Temática (materia general) | CIRCUITOS TRIFÁSICOS |
| 650 ## - Materia general | |
| Temática (materia general) | ECUACIONES DE NUDOS |
| 942 ## - Punto de acceso adicional KOHA | |
| Tipo de ítem KOHA | Libro |
| Fuente del sistema de clasificación o colocación | Dewey Decimal Classification |
| Signatura completa | Código de barras | Programa Académico | Tipo de ítem |
|---|---|---|---|
| 621.381.5 G633t | 12844 | Electrónica | Libro |